Catálogo

El déficit de la democracia en México : (Registro nro. 25901)

Detalles MARC
000 -LEADER
fixed length control field 01664cam a2200385 i 4500
001 - CONTROL NUMBER
control field 25901
003 - CONTROL NUMBER IDENTIFIER
control field Mx-PuUPA
005 - DATE AND TIME OF LATEST TRANSACTION
control field 20250818141436.0
008 - FIXED-LENGTH DATA ELEMENTS--GENERAL INFORMATION
fixed length control field 140415s2015 mx ad gr 000 0 spa d
020 ## - INTERNATIONAL STANDARD BOOK NUMBER
International Standard Book Number 9786070270123
Qualifying information rústica
020 ## - INTERNATIONAL STANDARD BOOK NUMBER
International Standard Book Number 9786070269875
Qualifying information colección rústica
040 ## - CATALOGING SOURCE
Original cataloging agency Mx-PuUPA
Language of cataloging spa
Transcribing agency Mx-PuUPA
Modifying agency Mx-PuUPA
Description conventions rda
041 0# - LANGUAGE CODE
Language code of text/sound track or separate title spa
043 ## - GEOGRAPHIC AREA CODE
Geographic area code n-mx---
100 1# - MAIN ENTRY--PERSONAL NAME
Personal name Córdova Vianello, Lorenzo,
Dates associated with a name 1972-
9 (RLIN) 17326
Relator term autor
245 13 - TITLE STATEMENT
Title El déficit de la democracia en México :
Remainder of title encuesta nacional de cultura política /
Statement of responsibility, etc. Lorenzo Córdova, Julia Isabel Flores, Omar Alejandre, Salvador Vázquez del Mercado
250 ## - EDITION STATEMENT
Edition statement Primera edición /
Remainder of edition statement agosto
264 #1 - PRODUCTION, PUBLICATION, DISTRIBUTION, MANUFACTURE, AND COPYRIGHT NOTICE
Place of production, publication, distribution, manufacture México, D.F. :
Name of producer, publisher, distributor, manufacturer Universidad Nacional Autónoma de México : Instituto de Investigaciones Jurídicas,
Date of production, publication, distribution, manufacture, or copyright notice 2015
300 ## - PHYSICAL DESCRIPTION
Extent 320 páginas :
Other physical details ilustraciones, gráficas ;
Dimensions 22 cm
336 ## - CONTENT TYPE
Fuente rdacontent
Content type term texto
Content type code txt
337 ## - MEDIA TYPE
Source rdamedia
Media type term sin medio
Media type code n
338 ## - CARRIER TYPE
Source rdacarrier
Carrier type term volumen
Carrier type code nc
490 0# - SERIES STATEMENT
Series statement Los mexicanos vistos por sí mismos. Los grandes temas nacionales ;
Volume/sequential designation 25
650 #7 - SUBJECT ADDED ENTRY--TOPICAL TERM
Source of heading or term armarc
Topical term or geographic name entry element Democracia
Geographic subdivision México
General subdivision Opinión pública
651 #4 - SUBJECT ADDED ENTRY--GEOGRAPHIC NAME
Geographic name México
General subdivision Política y gobierno
-- Opinión pública
651 #4 - SUBJECT ADDED ENTRY--GEOGRAPHIC NAME
Geographic name México
General subdivision Política y gobierno
Chronological subdivision Siglo XXI
651 #4 - SUBJECT ADDED ENTRY--GEOGRAPHIC NAME
Geographic name México
General subdivision Condiciones sociales
Chronological subdivision Siglo XXI
700 1# - ADDED ENTRY--PERSONAL NAME
Personal name Flores Dávila, Julia Isabel,
Relator term autor
9 (RLIN) 17339
700 1# - ADDED ENTRY--PERSONAL NAME
Personal name Galaz, Omar Alejandre,
Relator term autor
700 1# - ADDED ENTRY--PERSONAL NAME
Personal name Vázquez del Mercado, Salvador,
Relator term autor
942 ## - ADDED ENTRY ELEMENTS (KOHA)
Source of classification or shelving scheme Dewey Decimal Classification
Koha item type Libro
Classification part 320.972
Item part C78
Existencias
Withdrawn status Lost status Source of classification or shelving scheme Damaged status Not for loan Collection code Home library Current library Shelving location Date acquired Source of acquisition Total Checkouts Full call number Barcode Date last seen Price effective from Koha item type
    Dewey Decimal Classification     General Biblioteca Karol Wojtyla Biblioteca Karol Wojtyla Sala general 03/12/2013 Donación   320.972 C78 2015 48225 05/01/2026 03/12/2013 Libro